<?xml version="1.0" encoding="UTF-8"?>
<collection xmlns="http://www.loc.gov/MARC21/slim">
<record>
  <controlfield tag="001">3535</controlfield>
  <controlfield tag="005">20180627153423.0</controlfield>
  <datafield tag="037" ind1=" " ind2=" ">
    <subfield code="a">OUTRART-2018-0003</subfield>
  </datafield>
  <datafield tag="100" ind1=" " ind2=" ">
    <subfield code="a">ter Voorde, Marlies</subfield>
  </datafield>
  <datafield tag="245" ind1=" " ind2=" ">
    <subfield code="a">Waarom heeft men de aardbevingen in Groningen niet eerder voorspeld?</subfield>
  </datafield>
  <datafield tag="260" ind1=" " ind2=" ">
    <subfield code="c">2018</subfield>
  </datafield>
  <datafield tag="520" ind1=" " ind2=" ">
    <subfield code="a">Overal ter wereld wordt gas gewonnen, mailt Jan Jonk aan NEMO Kennislink. Waarom wist men dan niet eerder dat dit tot aardbevingen leidt? Is Groningen anders dan andere velden? Het Groningenveld is inderdaad anders dan de meeste andere gasvelden, allereerst vanwege de grootte. Het behoort tot de vijftien grootste gasvelden ter wereld, en van de andere velden in de top vijftien ligt een aantal in zee, of nauwelijks bewoond gebied. Daarnaast zit de Groningse bodem vol met breuken, die voor de gaswinning al aanwezig waren. Door deze breuken is het gasreservoir geen mooie, rechte aardlaag, maar een laag vol hoogteverschillen. Deze hoogteverschillen zorgen ervoor dat de bodemdaling door de gaswinning niet gelijkmatig verloopt, en er spanningen in de ondergrond ontstaan die uiteindelijk tot de aardbevingen leiden. Het effect van deze bevingen wordt ook nog eens versterkt door de bodemgesteldheid van Groningen. Lang is echter gedacht dat het toch bij relatief lichte bevingen zou blijven. </subfield>
  </datafield>
  <datafield tag="594" ind1=" " ind2=" ">
    <subfield code="a">NO</subfield>
  </datafield>
  <datafield tag="653" ind1="1" ind2=" ">
    <subfield code="a">Groningenveld</subfield>
  </datafield>
  <datafield tag="653" ind1="1" ind2=" ">
    <subfield code="a">Aardbevingen</subfield>
  </datafield>
  <datafield tag="700" ind1=" " ind2=" ">
    <subfield code="a">Van Camp, M.</subfield>
  </datafield>
  <datafield tag="773" ind1=" " ind2=" ">
    <subfield code="p">Kennislink</subfield>
    <subfield code="v">19/06/2018</subfield>
    <subfield code="y">2018</subfield>
  </datafield>
  <datafield tag="856" ind1="0" ind2=" ">
    <subfield code="f">michel.vancamp@observatoire.be</subfield>
  </datafield>
  <datafield tag="856" ind1="4" ind2="2">
    <subfield code="a">https://www.nemokennislink.nl/publicaties/waarom-heeft-men-de-aardbevingen-in-groningen-niet-eerder-voorspeld/</subfield>
  </datafield>
  <datafield tag="980" ind1=" " ind2=" ">
    <subfield code="a">OUTRART</subfield>
  </datafield>
</record>
</collection>